000 00371 a2200169 4500
001 182774
020 _a978-85-260-1712-2
040 _cMagnum
100 _aBandeira, Manuel
240 1 0 _aItinerário de pasárgada
_lpor
245 1 0 _aItinerário de pasárgada
300 _a182
362 0 _a2012
440 1 _aGlobal
697 _aLITERATURA GERAL
942 _cBK
999 _c182774
_d182774